[Event "Thessaloniki White Tower op-C 41th"]
[Site "Thessaloniki"]
[Date "2019.01.06"]
[Round "4.18"]
[White "Karapetian, Christos"]
[Black "Aggelakis, Myron"]
[Result "1-0"]
[WhiteElo "1069"]
[BlackElo "1000"]
[PlyCount "57"]
[EventDate "2019.01.02"]
[EventType "swiss"]
[EventRounds "6"]
[EventCountry "GRE"]
[SourceTitle "EXT 2024"]
[Source "ChessBase"]
[SourceDate "2023.10.10"]
[SourceVersion "1"]
[SourceVersionDate "2023.10.10"]
[SourceQuality "1"]

1. e4 d5 2. exd5 Qxd5 3. Nc3 Qa5 4. d4 c6 5. Nf3 Bf5 6. Bd3 Bg6 7. 0-0 Nd7 8. Re1 e6 9. Ne2 Ngf6 10. Nf4 Bd6 11. Qe2 Qb6 12. Nxg6 hxg6 13. Bxg6 0-0-0 14. Bxf7 e5 15. dxe5 Nxe5 16. Nxe5 Qc7 17. Be6+ Kb8 18. Nf7 Bxh2+ 19. Kf1 Bf4 20. Nxh8 Rxh8 21. g3 Qa5 22. Bxf4+ Ka8 23. Bf7 a6 24. Qe5 Qb6 25. Be6 c5 26. Qc7 Qb5+ 27. Kg2 c4 28. Qxg7 Qc6+ 29. f3 1-0